LEADER 02964nam2 2200625 i 450 001 RAV0165204 005 20251003044326.0 020 $aIT$b1936 7209 090 $a291872 100 $a19911114d1936 ||||0itac50 ba 101 | $aita 102 $ait 181 1$6z01$ai $bxxxe 182 1$6z01$an 200 1 $aˆ3: Le ‰stazioni idrominerali$fTouring club italiano 210 $aMilano$cTouring club italiano$d1936 215 $a222 p.$cill.$d17x24 cm. 311 $aSupplemento al n. 5 (maggio 1936)$9RAV0108470 422 1$1001RAV0108470$12001 $aˆLe ‰vie d'Italia$eturismo nazionale, movimento dei forestieri, prodotto italiano 461 1$1001SBL0731229$12001 $aGuida pratica ai luoghi di soggiorno e di cura d'Italia$fTouring club italiano$v3 464 1$1001LO11268147$12001 $aTerme di Tartavalle 606 $aStazioni idrotermali$xItalia$xGuide$2FIR$3SBLC120298$9I 606 $aTerme$xItalia$xGuide$2FIR$3CSAC060957$9I 606 $aStazioni idrotermali$xItalia$xGuide$2FIR$3SBLC120298$9I 676 $a613.1220945$9PROMOZIONE DELLA SALUTE. STAZIONI CLIMATICHE. ITALIA$v21 676 $a914.5$9GEOGRAFIA. ITALIA$v21 676 $a914.504$9$v21 676 $a914.530$9Geografia. Italia nord-orientale$v22 696 $aGuide turistiche$aGuide di viaggio 696 $aGuide turistiche$aGuide di viaggio$aStabilimenti idrotermali$aStabilimenti termali 696 $aGuide turistiche$aGuide di viaggio 699 $aGuide$zGuide turistiche 699 $aGuide$yGuide di viaggio 699 $aGuide$zGuide turistiche 699 $aGuide$yGuide di viaggio 699 $aTerme$yStabilimenti idrotermali 699 $aTerme$yStabilimenti termali 699 $aGuide$zGuide turistiche 699 $aGuide$yGuide di viaggio 710 02$aTouring club italiano$3CFIV002046$4070$05623 791 02$aTCI$3CFIV148662$zTouring club italiano 791 02$aTouring club of Italy$3CFIV178973$zTouring club italiano 791 02$aItalienischer Touring Club$3CFIV277665$zTouring club italiano 791 02$aTouring club editore$3CFIV323587$zTouring club italiano 791 02$aTouring club ciclistico italiano$3NAPV111118$zTouring club italiano 791 02$aConsociazione turistica italiana$3RAVV054909$yTouring club italiano 801 3$aIT$bIT-000000$c19911114 850 $aIT-BN0095 $aIT-SA0200 $aIT-NA0304 $aIT-NA0045 $aIT-NA0079 $aIT-BN0010 $aIT-NA0452 $aIT-NA0707 $aIT-CE0162 901 $bNAP 63$cDONO $n$ 912 $aRAV0165204 950 2$aBiblioteca Centralizzata di Ateneo$cv. 3$d 01POZZO LIB.F. LANGELLA 329$e 0101 0600181475E VMA (003 1 v. (Precedente collocazione LG 390)$fB $h20221019$i20221019 967 $n1 977 $a 01$a 63$a 74$a AB$a BN$a CB$a IS$a MS$a PR 996 $aStazioni idrominerali$9683446 997 $aUNISANNIO